00706 a2200193 4500010001400000020002300014035001300037037001600050082001000066090001500076100001700091245005400108260004500162270009600207300003400303942002500337999001500362952013500377 aENG-88832 c100.00a8180546136 aEN-72365 bDBAD / PUB14a659.1 c9474d94741 aGupta, C. B.1 aAdvertising and personal selling/cby C. B. Gupta aNew DelhibSultan Chand and Sonsc2007 a23, Darya Ganj,bNew Delhie110 002k011-23243183, 011- 23247051, 011-23266105l01123266357 avarious pagingc24 cm. (Pbk). adplcENk659.1 / GUP c9300d9300 00102ddc40718NFICaDBADbDBADeDBAD/PUBg100.00l0o659.1 GUPpEN-72365r2008-09-15 00:00:00t1u10274v100.00w2008-09-15yEN